National Parks of Zimbabwe - Statistics

General Stats
  • This quiz has been taken 28 times
  • The average score is 4 of 10
Answer Stats
Hint Answer % Correct
Largest National Park Hwange
95%
One of the wonders of the world Victoria Falls
76%
Northernmost of the Eastern Highlands Nyanga
57%
2nd Largest Park, now part of the Great Limpopo Transfrontier NP Gonarezhou
52%
Caves with beautiful turquoize water Chinhoyi Caves
38%
On the Zambezi after Kariba Dam Wall Mana Pools
29%
Southernmost of the Eastern Highlands Chimanimani
24%
On Lake Kariba, nearest the wall Matusadona
24%
Outside Bulawayo Matopos
19%
Outside Mutare Vumba
14%
No matching quizzes found
Score Distribution
Percent of People with Each Score
Percentile by Number Answered
Your Score History
You have not taken this quiz